Corporate tax planning and management (Record no. 167726)
[ view plain ]
| 000 -LEADER | |
|---|---|
| fixed length control field | 00643nam a2200241Ia 4500 |
| 003 - CONTROL NUMBER IDENTIFIER | |
| control field | OSt |
| 005 - DATE AND TIME OF LATEST TRANSACTION | |
| control field | 20240723105348.0 |
| 008 - FIXED-LENGTH DATA ELEMENTS--GENERAL INFORMATION | |
| fixed length control field | 210423s2016 xx 000 0 und d |
| 020 ## - INTERNATIONAL STANDARD BOOK NUMBER | |
| International Standard Book Number | 978-93-5173-078-1 |
| 040 ## - CATALOGING SOURCE | |
| Transcribing agency | AL |
| 041 ## - LANGUAGE CODE | |
| Language code of text/sound track or separate title | eng |
| 082 ## - DEWEY DECIMAL CLASSIFICATION NUMBER | |
| Classification number | 336.243 MEHC |
| 100 ## - MAIN ENTRY--PERSONAL NAME | |
| Personal name | Mehrotra H C |
| 9 (RLIN) | 107931 |
| 245 ## - TITLE STATEMENT | |
| Title | Corporate tax planning and management |
| 260 ## - PUBLICATION, DISTRIBUTION, ETC. | |
| Place of publication, distribution, etc. | Agra |
| Name of publisher, distributor, etc. | Sahitya Bhawan Publications |
| Date of publication, distribution, etc. | 2016 |
| 300 ## - PHYSICAL DESCRIPTION | |
| Extent | ii,350 |
| Other physical details | PB |
| 365 ## - TRADE PRICE | |
| Price amount | 250 |
| Currency code | INR |
| 650 ## - SUBJECT ADDED ENTRY--TOPICAL TERM | |
| Topical term or geographic name entry element | Economics |
| 9 (RLIN) | 107932 |
| 650 ## - SUBJECT ADDED ENTRY--TOPICAL TERM | |
| Topical term or geographic name entry element | Public Finance |
| 9 (RLIN) | 107933 |
| 700 ## - ADDED ENTRY--PERSONAL NAME | |
| Personal name | Goyal S P |
| 9 (RLIN) | 173944 |
| 906 ## - LOCAL DATA ELEMENT F, LDF (RLIN) | |
| a | Corporate ; management ; planning ; tax |
| 942 ## - ADDED ENTRY ELEMENTS (KOHA) | |
| Source of classification or shelving scheme | Dewey Decimal Classification |
| Koha item type | Book |
| Withdrawn status | Lost status | Damaged status | Not for loan | Collection code | Home library | Current library | Date acquired | Source of acquisition | Cost, normal purchase price | Total Checkouts | Full call number | Barcode | Date last seen | Date last checked out | Price effective from | Koha item type |
|---|---|---|---|---|---|---|---|---|---|---|---|---|---|---|---|---|
| M Com | St Aloysius PG Library | St Aloysius PG Library | 08/08/2016 | Biblios Book Point | 250.00 | 1 | 336.243 MEHC | PG014228 | 12/01/2023 | 11/29/2023 | 04/26/2021 | Book | ||||
| M Com | St Aloysius PG Library | St Aloysius PG Library | 08/08/2016 | Biblios Book Point | 250.00 | 3 | 336.243 MEHC | PG014229 | 11/23/2022 | 11/17/2022 | 04/26/2021 | Book | ||||
| M Com | St Aloysius PG Library | St Aloysius PG Library | 08/08/2016 | Biblios Book Point | 250.00 | 336.243 MEHC | PG014230 | 08/24/2022 | 04/26/2021 | Book | ||||||
| M Com | St Aloysius PG Library | St Aloysius PG Library | 08/08/2016 | Biblios Book Point | 250.00 | 1 | 336.243 MEHC | PG014231 | 08/24/2022 | 01/31/2022 | 04/26/2021 | Book | ||||
| M Com | St Aloysius PG Library | St Aloysius PG Library | 08/08/2016 | Biblios Book Point | 250.00 | 336.243 MEHC | PG014232 | 08/24/2022 | 04/26/2021 | Book | ||||||
| M Com | St Aloysius PG Library | St Aloysius PG Library | 08/18/2016 | Biblios Book Point | 250.00 | 1 | 336.243 MEHC | PG014233 | 12/09/2022 | 12/07/2022 | 04/26/2021 | Book | ||||
| M Com | St Aloysius PG Library | St Aloysius PG Library | 08/18/2016 | Biblios Book Point | 250.00 | 336.243 MEHC | PG014234 | 08/24/2022 | 04/26/2021 | Book | ||||||
| M Com | St Aloysius PG Library | St Aloysius PG Library | 08/18/2016 | Biblios Book Point | 250.00 | 336.243 MEHC | PG014235 | 08/24/2022 | 04/26/2021 | Book | ||||||
| M Com | St Aloysius PG Library | St Aloysius PG Library | 08/18/2016 | Biblios Book Point | 250.00 | 1 | 336.243 MEHC | PG014236 | 08/24/2022 | 02/03/2022 | 04/26/2021 | Book | ||||
| M Com | St Aloysius PG Library | St Aloysius PG Library | 08/18/2016 | Biblios Book Point | 250.00 | 1 | 336.243 MEHC | PG014237 | 12/23/2022 | 12/07/2022 | 04/26/2021 | Book |